000 00699nam a22001937a 4500
999 _c17131
_d17131
003 AR-CdUCM
008 190507b ||||| |||| 00| 0 spa d
040 _aMUNICIPALIDAD PROVINCIAL DEL CUSCO
_cBIBLIOTECA MUNICIPAL DEL CUSCO
082 _a947.084 /
_bB24
100 _aBarbusse, Henri
_926016
245 _aStalin :
_bun mundo nuevo visto a través de un hombre /
260 _aSantiago de Chile :
_bErcilla,
_c1935.
300 _a248 páginas ;
_c19 cm.
505 _aContenido: El gigante -- La constelación nacional -- Las primeras piedras -- La guerra parasitaria ...
650 _aBiografías históricas
_96252
650 _aRusia
_9499
942 _2ddc
_cLIBROS
945 _aacv
_d2019-05-07